000 00740nam a22003010a 4500
001 PT52284
003 AR-LpoUNG
005 20210131231509.0
008 191001s2013||||ag |||||||||||||||||spa d
020 _a9789870427582
_c$37
040 _aAR-LpoUNG
_bspa
_cAR-LpoUNG
_eaacr
041 _aspa
044 _aag
082 0 _aA863 827ses
100 1 _aCortázar, Julio
245 1 0 _a62/Modelo para armar
250 _a2da. ed.
260 _aBuenos Aires :
_bAlfaguara,
_c2013.
300 _a324 p. :
_bfot.
650 4 _aARGENTINA
650 4 _aCUENTOS
650 4 _aFICCION
650 4 _aLITERATURA
651 4 _aDOCUMENTOS TEORICOS O METODOLOGICOS
653 _aLITERATURA ARGENTINA
905 _a52284
942 _cLIB
999 _c10360
_d10360